000 00812nam a2200253Ia 4500
003 OSt
005 20221005104646.0
006 a|||||r|||| 00| 0
007 ta
008 221004b |||||||| |||| 00| 0 hin d
024 _a23279
037 _cTextual
040 _aCRL
_cCRL
_bhin
041 _2hin
_ahin
082 _aO152,3N485x, N5
100 _aचौहान, कर्णसिंह
245 0 _aयमुना कछार का मन
246 _aYamunā kachhār kā mana
260 _aदिल्ली
_bवितोशा प्रकाशन भरत
_c1995
300 _a144पृ0
_ccm.
650 _aहिन्दी कहानी
942 _hO152,3N485x, N5
_cTEXL
_2cc
999 _c1013412
_d1013412